| 000 | 01019nam a2200301 a 4500 | ||
|---|---|---|---|
| 001 | 1213 | ||
| 005 | 20231124102851.0 | ||
| 020 | _a078073002757 | ||
| 040 |
_aDLC _cDLC _dDLC _beng |
||
| 050 | 0 | 0 |
_aPZ7.H55778 _bRe 1988 |
| 082 | 0 | 0 |
_a574 _220 |
| 100 | 1 | _aHiller, B. B. | |
| 245 | 1 | 0 |
_aRent a third grader / _cby B.B. Hiller ; illustrations by Meredith Johnson. |
| 250 | _aFirst Scholastic printing, September 1988 | ||
| 260 |
_aNew York : _bScholastic, _c1988 |
||
| 300 |
_a190 pages : _billustrations ; _c20 cm |
||
| 490 | _aLittle apple | ||
| 505 | _aR | ||
| 520 | _aThird grade students need to make some money. Unless they can come up with enough money to save Partner, the police horse will be pet food. | ||
| 521 |
_a670
_bLexile |
||
| 521 |
_aR
_bRaz-Plus |
||
| 650 | 1 |
_aHorses _xFiction. |
|
| 650 | 1 |
_aBusiness enterprises _xFiction. |
|
| 650 | 1 |
_aSchools _xFiction. |
|
| 700 | 1 |
_aJohnson, Meredith _eIllustrator |
|
| 906 |
_a7 _bcbc _corignew _d2 _encip _f19 _gy-gencatlg |
||
| 942 |
_2ddc _cBK _n0 |
||
| 999 |
_c1213 _d1213 |
||